Mister monday / (Record no. 34993)
[ view plain ]
| 000 -LEADER | |
|---|---|
| fixed length control field | 01040cam a22003497a 4500 |
| 001 - CONTROL NUMBER | |
| control field | 13512658 |
| 003 - CONTROL NUMBER IDENTIFIER | |
| control field | OSt |
| 005 - DATE AND TIME OF LATEST TRANSACTION | |
| control field | 20140310184519.0 |
| 008 - FIXED-LENGTH DATA ELEMENTS--GENERAL INFORMATION | |
| fixed length control field | 040305s2003 nyu j 000 1 eng d |
| 010 ## - LIBRARY OF CONGRESS CONTROL NUMBER | |
| LC control number | 2004540574 |
| 020 ## - INTERNATIONAL STANDARD BOOK NUMBER | |
| International Standard Book Number | 0439551234 |
| 020 ## - INTERNATIONAL STANDARD BOOK NUMBER | |
| International Standard Book Number | 9780439551236 |
| 035 ## - SYSTEM CONTROL NUMBER | |
| System control number | (OCoLC)ocm52498186 |
| 040 ## - CATALOGING SOURCE | |
| Original cataloging agency | OWL |
| Transcribing agency | OWL |
| Modifying agency | OCLCQ |
| -- | LEO |
| -- | DLC |
| 042 ## - AUTHENTICATION CODE | |
| Authentication code | lccopycat |
| 050 00 - LIBRARY OF CONGRESS CALL NUMBER | |
| Classification number | PZ 7 |
| Item number | .N647Mi 2003 |
| 082 ## - DEWEY DECIMAL CLASSIFICATION NUMBER | |
| Classification number | FIC |
| Item number | N65e 2003 |
| 100 1# - MAIN ENTRY--PERSONAL NAME | |
| Personal name | Nix, Garth. |
| 9 (RLIN) | 19379 |
| 245 10 - TITLE STATEMENT | |
| Title | Mister monday / |
| Statement of responsibility, etc | Garth Nix. |
| 260 ## - PUBLICATION, DISTRIBUTION, ETC. (IMPRINT) | |
| Place of publication, distribution, etc | New York : |
| Name of publisher, distributor, etc | Scholastic, |
| Date of publication, distribution, etc | c2003. |
| 300 ## - PHYSICAL DESCRIPTION | |
| Extent | 361 p. ; |
| Dimensions | 20 cm. |
| 440 ## - SERIES STATEMENT/ADDED ENTRY--TITLE | |
| Title | The keys to the kingdom |
| 9 (RLIN) | 20933 |
| 521 ## - TARGET AUDIENCE NOTE | |
| Target audience note | |
| 526 ## - STUDY PROGRAM INFORMATION NOTE | |
| Reading level | 800 |
| 650 ## - SUBJECT ADDED ENTRY--TOPICAL TERM | |
| Topical term or geographic name as entry element | Fiction. |
| 9 (RLIN) | 746 |
| 800 1# - SERIES ADDED ENTRY--PERSONAL NAME | |
| Personal name | Nix, Garth. |
| Title of a work | Keys to the kingdom ; |
| Volume/sequential designation | bk. 1. |
| 9 (RLIN) | 20934 |
| 856 42 - ELECTRONIC LOCATION AND ACCESS | |
| Materials specified | Publisher description |
| Uniform Resource Identifier | <a href="http://www.loc.gov/catdir/description/schol051/2004540574.html">http://www.loc.gov/catdir/description/schol051/2004540574.html</a> |
| 906 ## - LOCAL DATA ELEMENT F, LDF (RLIN) | |
| a | 7 |
| b | cbc |
| c | copycat |
| d | 2 |
| e | ncip |
| f | 20 |
| g | y-gencatlg |
| 942 ## - ADDED ENTRY ELEMENTS (KOHA) | |
| Source of classification or shelving scheme | Library of Congress Classification |
| Koha item type | |
| Withdrawn status | Lost status | Source of classification or shelving scheme | Damaged status | Home library | Current library | Shelving location | Date acquired | Total Checkouts | Full call number | Barcode | Date last seen | Date checked out | Copy number | Price effective from | Koha item type |
|---|---|---|---|---|---|---|---|---|---|---|---|---|---|---|---|
| Library of Congress Classification | Luxembourg Library | Luxembourg Library | Scholastic Reading Center Section | 10/16/2013 | 1 | PZ 7 .N647Mi 2003 | SCHO0016 | 04/18/2017 | 02/22/2016 | 1 | 10/16/2013 | Books |